| 000 | 00627nam a22002057a 4500 | ||
|---|---|---|---|
| 999 |
_c7783 _d7783 |
||
| 003 | AR-CdUCM | ||
| 008 | 190321b ||||| |||| 00| 0 eng d | ||
| 040 |
_aMUNICIPALIDAD PROVINCIAL DEL CUSCO _cBIBLIOTECA MUNICIPAL DEL CUSCO |
||
| 082 |
_a909.81 / _bN734 |
||
| 100 |
_aNiven, John _921994 |
||
| 245 | _aDynamic América / | ||
| 260 |
_aSwitzerland : _bHeliographia, |
||
| 300 |
_a426 páginas ; _c35 cm. _bIlustraciones, fotografías, |
||
| 505 | _aContendo : En el idioma inglés ... | ||
| 650 |
_aInventos _921995 |
||
| 650 |
_aIlustraciones _914631 |
||
| 650 |
_aAmérica _91348 |
||
| 942 |
_2ddc _cLIBROS |
||
| 945 | _arah | ||